| 000 | 00824nam a22002177a 4500 | ||
|---|---|---|---|
| 999 |
_c18503 _d18503 |
||
| 003 | AR-CdUCM | ||
| 008 | 190514b ||||| |||| 00| 0 spa d | ||
| 040 |
_aMUNICIPALIDAD PROVINCIAL DEL CUSCO _cBIBLIOTECA MUNICIPAL DEL CUSCO |
||
| 082 |
_a347 / _bM77 |
||
| 100 |
_aMontoya Alberti, Ulises _939130 |
||
| 245 | _aEl arbitraje comercial / | ||
| 260 |
_aLima : _bCultura Cuzco, _c1988. |
||
| 300 |
_a505 páginas ; _bcuadros, _c21 cm. |
||
| 505 | _aContenido: Aspectos generales -- El arbitraje y otras formas de solución de conflictos -- Naturaleza jurídica del arbitraje -- El acuerdo arbitral -- Las partes en el arbitraje -- Los arbitros ... | ||
| 650 |
_aArbitrios _939131 |
||
| 650 |
_aPerú _935 |
||
| 650 |
_aCódigo civil _928051 |
||
| 650 |
_aComercio _9322 |
||
| 942 |
_2ddc _cLIBROS |
||
| 945 |
_aachl _d2019-05-14 |
||